gminy powiatu radomskiego - Statystyki

Ogólne statystyki
  • Ten quiz został rozwiązany 182 razy
  • Średni wynik to 8 z 14
Odpowiedzi na mapie
Odpowiedzi zakodowano w zielono-czerwonej skali na mapie do tego quizu, zgodnie z poniższymi procentami.
 
Statystyki odpowiedzi
Gmina Odpowiedź % Poprawnych
miasto na prawach powiatu Radom
82%
miejsko-wiejska Jedlnia-Letnisko
69%
miejska Pionki
69%
wiejska Pionki
69%
miejsko-wiejska Skaryszew
66%
miejsko-wiejska Iłża
65%
wiejska Jedlińsk
55%
wiejska Wolanów
49%
wiejska Zakrzew
49%
wiejska Przytyk
44%
wiejska Wierzbica
42%
wiejska Gózd
38%
wiejska Kowala
35%
wiejska Jastrzębia
29%
Nie znaleziono quizów pasujących do podanych kryteriów
Rozkład punktacji
Procent ludzi z każdym wynikiem
Percentyl według liczby udzielonych odpowiedzi
Twoja historia wyników
Nie rozwiązałeś tego quizu